Datum a čas kvízu
20.5
Celkem bodů
Celkový počet nahraných bodů na tomto kvízu bez doplňovacích otázek.
12.
Pořadí na kvízu
Konečné umístění týmu na tomto kvízu.
Zaznamenané odpovědi
| # | Otázka | Odpověď | Body | Výsledky |
|---|---|---|---|---|
| 1. | Plzeň má nového primátora. Nej... | Roman Zarzycký, hnutí ANO | 1 | |
| 2. | Jistá evropská metropole se ro... | Berlín | 1 | |
| 3. | Hejtman Libereckého kraje Mart... | Jan Schmid | 0 | |
| 4. | Jeden z nejznámějších snímků d... | D) Sloupy stvoření | 0 | |
| 5. | Jak se jmenuje letošní nositel... | Karim Benzema, Real Madrid | 1 | |
| 6. | Ve výběru tohoto tématu na vás... | FK Teplice | 0 | |
| 7. | Filmy často vznikají podle kni... | Piráti z Karibiku | 0 | |
| 8. | Bílá nemoc je české protiváleč... | Galén, Hugo Haas | 0 | |
| 9. | Napište název snímku režiséra... | Rudá volavka (Red Sparrow) | 1 | |
| 10. | Černá kočka, bílý kocour je bl... | Emir Kusturica | 0 |